000 00483nam a2200181Ia 4500
005 20250326130409.0
008 250326s9999 xx 000 0 und d
037 _aTextbook
040 _aFMSL
_beng
_cFMSL
041 _aeng
_2eng
084 _aX:89A L3
_qFMSL
100 _aChase R B
245 0 _aProduction a operations management
_cChase R B
260 _aNY
_bNY, Richard D Irwin
_c1973
300 _a691p
942 _cTB
_hX:89A L3
999 _c1282315
_d1282315